Teaching in tandem (Record no. 239239)
[ view plain ]
| 000 -LEADER | |
|---|---|
| fixed length control field | 01451nam a2200361 a 4500 |
| 082 04 - DEWEY DECIMAL CLASSIFICATION NUMBER | |
| Classification number | 371.14/8 |
| 100 1# - MAIN ENTRY--AUTHOR NAME | |
| Personal name | Wilson, Gloria Lodato. |
| 245 10 - TITLE STATEMENT | |
| Title | Teaching in tandem |
| 260 ## - PUBLICATION, DISTRIBUTION, ETC. (IMPRINT) | |
| Place of publication | Alexandria, Va. : |
| Name of publisher | ASCD, |
| Year of publication | 2011. |
| 300 ## - PHYSICAL DESCRIPTION | |
| Number of Pages | 197 p. : |
| Other physical details | ill., ports. |
| 650 #0 - SUBJECT ADDED ENTRY--TOPICAL TERM | |
| Topical Term | Teaching teams |
| Topical Term | Inclusive education |
| Topical Term | Mainstreaming in education |
| 700 1# - ADDED ENTRY--PERSONAL NAME | |
| Personal name | Blednick, Joan. |
| 856 40 - ELECTRONIC LOCATION AND ACCESS | |
| Uniform Resource Identifier | http://site.ebrary.com/lib/rucke/Doc?id=10524488 |
No items available.
